| 000 | 00883cam a2200205 4500 | ||
|---|---|---|---|
| 001 | WB3809-13 | ||
| 008 | 020307n2002 000 0 eng u | ||
| 035 | _a(Sirsi) u117051 | ||
| 245 | _aHousebuilding: January 2002 | ||
| 260 | _c2002 | ||
| 490 |
_aDTLR News Release _v(HB-03) 7 March 2002 (2) |
||
| 520 | _aIn January 2002, a provisional estimate of 15 700 dwellings were started in Great Britain compared with 15 800 in January 2001. Completions numbered 13 000 compared with 13 600 the previous year. The last three months saw 39 000 dwellings started, up 7% on the comparable months a year ago. Completions stood at 41 100 and were down 5%. http://www.press.dtlr.gov.uk/pns/DisplayPN.cgi?pn_id=2002_0086 | ||
| 590 | _aWB | ||
| 650 | _aDTLR | ||
| 650 | _aHOUSE BUILDING | ||
| 650 | _aCOMPLETIONS | ||
| 650 | _aSTATISTICS | ||
| 690 | _aHOUSING-DEVELOPMENT | ||
| 942 | _n0 | ||
| 999 |
_c69737 _d69737 |
||